Diaspora-Ireland - Statistics

General Stats
  • This quiz has been taken 158 times
  • The average score is 9 of 11
Answer Stats
Number of immigrants Continent Country % Correct
33.348.049 North America United States of America
100%
7.000.000 Oceania Australia
98%
4.544.870 North America Canada
98%
14.000.000 Europe United Kingdom
98%
700.000-1.000.000 South America Argentina
97%
600.000 Oceania New Zealand
95%
330.000 Africa South Africa
89%
120.000 South America Chile
79%
120.000 South America Uruguay
53%
300.000-700.000 North America Jamaica
36%
20.000 Asia India
31%
No matching quizzes found
Score Distribution
Percent of People with Each Score
Percentile by Number Answered
Your Score History
You have not taken this quiz